000 00693nam a22001937a 4500
005 20230608101627.0
008 230608b ||||| |||| 00| 0 eng d
020 _a9788495693495
040 _aCO-BoUCM
_cDavid Moreno
_dDavid Moreno
041 _aspa
110 1 _aUniversidad Nacional de Educación a Distancia(UNED)
_9177966
245 1 _aCurso de experto profesional en energía fotovoltaica/
_cEl Gabinete de Estudios de Censolar
260 _aSevilla
_bPROGENSA
_c2009
300 _a313 Paginas
650 _aEnergía solar
_914234
650 _aCélulas fotoeléctricas
_9177967
942 _2DEWEY
_a14
_cLIBRO
_e1
_h621.31244
_mC977
_n0
999 _c322770
_d322770